| 000 | 00539nam a22001817a 4500 | ||
|---|---|---|---|
| 005 | 20230824144714.0 | ||
| 008 | 230824b |||||||| |||| 00| 0 eng d | ||
| 020 | _a9789393885180 | ||
| 041 | _aeng | ||
| 082 |
_223 _a612 |
||
| 100 |
_a Varghese, Sherin _9204437 |
||
| 245 | _aText book of Applied Biochemistry for B.Sc. Nursing Second Semester - According to INC New Syallabus 2021-2022 onwards | ||
| 250 | _a1 | ||
| 260 |
_aBangalore _bEMMESS Medical Publisher _c2022 |
||
| 300 | _aIV;158P. | ||
| 650 | _aBiochemistry | ||
| 942 | _cCB | ||
| 999 |
_c355900 _d355900 |
||